000 00781nam a2200277 i 4500
001 5135
003 BD-RjUL
005 20211208234021.0
008 131224s1976 enk b 000 0 eng
020 _a0710084102 :
020 _a0710000464
035 _a(BD-RjUL)5171
040 _aDLC
_cDLC
_dDLC
_dBD-RjUL
_beng
041 _aeng
082 0 0 _a371.926
_bBRP
100 1 _aBrown, Roy I.
_916171
245 1 0 _aPsychology and education of slow learners /
_cRoy I. Brown.
260 _aLondon ;
_aBoston :
_bRoutledge & K. Paul,
_cc1976.
300 _axii, 120 p. ;
_c20 cm.
490 0 _aStudents library of education
504 _aIncludes bibliographies.
650 0 _aSlow learning children.
_916172
942 _2ddc
_cBK
999 _c5135
_d5135